000 00785nam a22002537a 4500
005 20251108173347.0
008 250721s1999 xx 000 0 ara d
020 _a2844095453
082 1 4 _aط/595.7/للو
100 1 _aللويلين، كلير
245 1 0 _aالحشرات و الزواحف /
246 1 1 _aMy best book of creepy crawlies
264 1 _aبيروت :
_bالدار العربية للعلوم،
_c1999.
300 _a32ص. : مص
490 0 _aكتابي المفضل
650 1 7 _aنحل العسل
650 1 7 _aالعنكبوتيات (صف)
650 1 7 _aالحشرات (صف)
650 1 7 _aالعث
653 _a(سنة 14-10) ناشئون صغار
710 2 _aالدار العربية للعلوم
942 _2ddc
_cBK
999 _c102104
_d102104